<?xml version="1.0" encoding="UTF-8"?>
<marc:record xmlns:marc="http://www.loc.gov/MARC21/slim">
   <marc:leader>00000nam a2200000 a 4500</marc:leader>
   <marc:datafield ind1="1" ind2=" " tag="100">
      <marc:subfield code="a">Mc Dermid, Val</marc:subfield>
      <marc:subfield code="4">aut</marc:subfield>
      <marc:subfield code="e">Verfasser/-in</marc:subfield>
   </marc:datafield>
   <marc:datafield ind1="0" ind2="0" tag="245">
      <marc:subfield code="a">Vergeltung - Thriller</marc:subfield>
   </marc:datafield>
   <marc:datafield ind1="0" ind2="0" tag="245">
      <marc:subfield code="b">ein neuer Fall für Carol Jordan und Tony Hill</marc:subfield>
   </marc:datafield>
   <marc:datafield ind1=" " ind2="1" tag="264">
      <marc:subfield code="b">Knaur</marc:subfield>
      <marc:subfield code="c">2012</marc:subfield>
   </marc:datafield>
   <marc:datafield ind1="1" ind2=" " tag="490">
      <marc:subfield code="a">Carol Jordan und Tony Hill</marc:subfield>
   </marc:datafield>
   <marc:datafield ind1="1" ind2=" " tag="520">
      <marc:subfield code="a">Vergeltung
Bisher galt dieses Gefängnis als absolut ausbruchsicher. Doch nach zwölf Jahren Haft gelingt Jacko Vance, einem perfiden Mädchenmörder, durch eine raffinierte, lange geplante Täuschung die Flucht. Jacko ist besessen von einem einzigen Gedanken: gnadenlose Vergeltung - an allen, die ihn hinter Schloss und Riegel gebracht haben. Vor allem aber an Carol Jordan und Tony Hill. Und er hat sich etwas Hinterhältigeres als deren Tod ausgedacht: Er will seine Feinde ins Mark treffen, ihnen ihr Liebstes nehmen. Seine ersten Opfer sind Carols Bruder und dessen Frau ...</marc:subfield>
   </marc:datafield>
   <marc:datafield ind1=" " ind2=" " tag="020">
      <marc:subfield code="a">9783426511817</marc:subfield>
      <marc:subfield code="9">9783426511817</marc:subfield>
   </marc:datafield>
</marc:record>
